01130nam a2200253Ii 45000010005000000030009000050080041000140200015000550400033000700410008001030820017001111000038001282450013001662640085001793000012002643360026002763370028003023380027003309400050003579990017004079520154004249520149005789520149007277137CO-ViMGA241108s9999||||xx |||||||||||||| ||und|| a9586120856 aCO-ViMGAbspaerdacCO-ViMGA0 aunk04a918.61 B688m1 aBoussingault, Jean Baptiste9834410aMemorias 1a[Lugar de publicación no identificado] : Instituto Colombiano de Cultura, 1994 avolumen atextbtxt2rdacontent aunmediatedbn2rdamedia avolumebnc2rdacarrier aidficha_siabuc: 6970. -- ficha_no_siabuc:7137 c50525d50525 00102ddc40708001aMEVIGERRbMEVIGERRcGENd2006-11-27hVol. Tomo 3o918.61 B688mpECA6897r2024-11-26 10:01:00tEj.1w2024-11-26yBKz6970 | 9792 001040708001aMEVIGERRbMEVIGERRcGENd2006-11-27hVol. Tomo 1o918.61 B688mpECA6895r2024-11-26 10:01:59tEj.1w2024-11-26yBKz6970 | 9790 001040708001aMEVIGERRbMEVIGERRcGENd2006-11-27hVol. Tomo 2o918.61 B688mpECA6896r2024-11-26 10:01:59tEj.1w2024-11-26yBKz6970 | 9791